Statistics for ww2 battles & other ww2 stuff idk bro

Click here to take the quiz!

General Stats

  • This quiz has been taken 53 times
  • The average score is 11 of 30

Answer Stats

HintAnswer% Correct
1939 germany invades this place started ww2Poland
94%
1940 germany invades this country to the west of themFrance
76%
1942 important battle in the pacific between US and JapanBattle of Midway
71%
italy's facist leader during (most) of ww2benito mussolini
68%
1941 japan bombs this placepearl harbour
68%
name of Nazi aircraft forceluftwaffe
65%
name of the bomb dropped on hiroshimaLittle boy
62%
hitler's title (leader, king)fuhrer
59%
russian dictator during ww2Joseph Stalin
59%
1943 biggest battle in history with tankskursk
59%
name of american Atomic bomb reasearch & developmentManhattan project
59%
name of the bomb dropped on nagasakiFat man
56%
british prime minister for (most) of ww2winston Churchill
56%
the best tank of ww2 (Soviet union)T-34/76
38%
biggest naval ship of ww2Yamato
26%
name of standard issue american rifle during ww2M1 Garand
21%
gun also known as "hitlers buzzsaw"MG-42
21%
german bolt action rifle during ww2 (standard issue)Kar 98k
18%
one of the best german tanks of ww2 (late 1944-45)King tiger
18%
name of Australian & british standard issue bolt action rifle during ww2Lee Enfield
18%
British standard issue plane during the battle of britainSupermarine Spitfire
18%
american standard issue fighter plane of ww2P-51 Mustang
15%
german naval soldiers namekriegsmarine
12%
name of american light (but standard issue) tank (seen in movie FURY)M4 Sherman
12%
1944 the western allies launch D-day hereNormandy France
12%
name of US paratroopers who were involved with operation neptune101st airborne
9%
worst tank of ww2 (british)Bob semple tank
9%
best heavy machine gun used in ww2 (to present day!) (American)Browning 50.cal
6%
Australian sub machine gun used during 1943-45Owen Sub-machine gun
3%
nazi special forcesss or waffen ss
3%

Score Distribution

Percentile by Number Answered

Percent of People with Each Score

Your Score History

You have not taken this quiz